Conversaciones con Chomsky : (Jorge Halperín de Le Monde diplomatique dialoga con Noam Chomsky).

Conversaciones del periodista de Le Monde Diplomatique, Jorge Halperín, con el intelectual estadounidense Noam Chomsky, sobre la situación mundial en el siglo XXI, bajo la hegemonía de EEUU. Incluye en anexo una entrevista a Morris Halle, colega y amigo de Chomsky.

Bibliographic Details
Main Author: Chomsky, Noam 1928-
Other Authors: Halperín, Jorge 1948-
Format: Libro
Language:Spanish
Published: Santiago, Chile Aún Creemos en los Sueños 2003
Series:Selección de artículos de Le Monde diplomatique 26
Subjects:
Online Access:

MARC

LEADER 00000cam a2200000 a 4500
001 006782
003 UAHC_CL
005 20170803120301.0
008 060706b2003 cl 000 spa
020 |a 9568134263 
040 |a UAHC_CL  |c UAHC_CL  |d UAHC_CL 
100 1 |a Chomsky, Noam  |d 1928- 
245 1 0 |a Conversaciones con Chomsky :  |b (Jorge Halperín de Le Monde diplomatique dialoga con Noam Chomsky). 
260 |b Aún Creemos en los Sueños  |c 2003  |a Santiago, Chile 
300 |a 74 p. 
490 0 |a Selección de artículos de Le Monde diplomatique  |v 26 
520 |a Conversaciones del periodista de Le Monde Diplomatique, Jorge Halperín, con el intelectual estadounidense Noam Chomsky, sobre la situación mundial en el siglo XXI, bajo la hegemonía de EEUU. Incluye en anexo una entrevista a Morris Halle, colega y amigo de Chomsky. 
600 1 4 |a CHOMSKY, NOAM  |d 1928-  |v ENTREVISTAS 
600 1 4 |a CHOMSKY, NOAM  |d 1928-  |x PENSAMIENTO POLITICO Y SOCIAL 
650 4 |a POLITICA MUNDIAL  |y SIGLO 21 
651 4 |a ESTADOS UNIDOS  |x POLITICA Y GOBIERNO 
653 |a COMPLEMENTARIA 
700 1 |a Halperín, Jorge  |d 1948- 
900 |a 320 CHO 
942 |c BK 
952 |0 0  |1 0  |4 0  |6 320_000000000000000_CHO  |7 0  |8 General  |9 14796  |a BC  |b BC  |c General  |d 2017-08-03  |l 0  |o 320 CHO  |p 1354210  |r 2026-01-13 00:00:00  |t 1  |w 2017-08-03  |y BK 
999 |c 6782  |d 6782